000 00215nam a22000857a 4500
008 170601b xxu||||| |||| 00| 0 eng d
100 _93204
_aShankar
245 _aTreasury of Indian Cinema
260 _aNew Delhi
_bCBT
_c2003
999 _c6516
_d6516